000 01750nam a2200217Ia 4500
003 Ost
005 20260416102401.0
008 260416s9999||||xx |||||||||||||| ||und||
040 _cfsecg
041 _aara
082 _a338.9
100 _aابن بوسحاقي، فتيحة
_eمؤلف
245 0 _aمحاضرات في الاقتصاد النقدي /
_c فتيحة ابن بوسحاقي
260 _aالجزائر
_bجامعة الجزائر3: كلية العلوم الإقتصادية، العلوم التجارية وعلوم التسيير
_c2023
300 _a138 ورقة
_bايضاحات
_c12 سم
504 _aالمراجع ص.132
520 _aتشمل هذه المطبوعة دراسة شاملة لنظام النقدي، بدءًا من أصول النقود وتطورها التاريخي وصولاً إلى أحدث الأنظمة النقدية المعاصرة. وتستعرض مفاهيم أساسية مثل الكتلة النقدية والمضاعف النقدي، ويشرح دور البنوك التجارية والبنك المركزي في خلق النقود وإدارتها. كما تتناول موضوعات حيوية مثل التضخم والسياسة النقدية، وآليات عمل السوق النقدية. بالإضافة إلى ذلك، ويقدم تحليلاً تفصيليًا لأنواع الأنظمة النقدية المختلفة، ويشرح العلاقة بين النظام النقدي والمتغيرات الاقتصادية الأخرى.
653 _aالاقتصاد النقدي
710 _aجامعة الجزائر3: كلية العلوم الإقتصادية، العلوم التجارية وعلوم التسيير
_eناشر علمي
942 _cHANDOUT
999 _c41446
_d41446